1949 1519 1770 1119 1288 1299 1342 1308 1460 1017 1618 1880 1692 1193 1951 1062 1421 1963 1992 1730 1578 1387 1426 1363 1605 1771 1294 1906 1116 1720 1761 1967 1363 1373 1011 1635 1130 1508 1718 1442 1252 1545 1863 1532 1550 1046 1032 1493 1942 1750 1969 1542 1407 1656 1922 1447 1311 1719 1444 1153 1502 1305 1212 1931 1664 1107 1066 1732 1699 1598 1486 1793 1038 1972 1763 1477 1325 1801 1580 1692 1412 1877 1447 1952 1996 1765 1596 1279 1069 1116 1375 1098 1375 1238 1631 1198 1728 1522 1683 BCNSPRNW ULIB Ver.6.0+V

เปลี่ยนเป็นภาษาไทย

Change to English
 แสดงรายละเอียดบรรณานุกรม
  กลับหน้าหลัก

Brief Record : Get Marc (ISO 2709) : E-mail record : QR code < ปิดหน้าต่าง
LEADER : 00000nam 2200000uu 4500
001    13399114175
003     ULIB
008    120228s2549||||th 000 0 tha d
020    ^a9744658789
060 04 ^aWB310^bภ328ร
245 00 ^aรวบรวมองค์ความรู้การดูแลผู้ป่วยระยะสุดท้าย /^cกองการแพทย์ทางเลือก
250    ^aพิมพ์ครั้งที่ 2
260    ^aกรุงเทพฯ :^bสำนักงานกิจการโรงพิมพ์องค์การสงเคราะห์ทหารผ่านศึก,^c2549
300    ^a187 หน้า ;^c21 ซม.
650  7 ^aการดูแลสุขภาพด้วยตนเอง
650  7 ^aการแพทย์แบบพหลุลักษณ์
650  7 ^aผู้ป่วยหนัก^xการดูแล
650  7 ^aผู้ป่วยระยะสุดท้าย
710 2  ^aกองการแพทญ์ทางเลือก
945    ^p0^l0^i18765
945    ^p0^l0^i18766
945    ^p0^l0^i18767
945    ^p0^l0^i18768
945    ^p0^l0^i18769
945    ^p0^l0^i18770
945    ^p0^l0^i18771
945    ^p0^l0^i18772
945    ^p0^l0^i18773
945    ^p0^l0^i18774
945    ^p0^l0^i18775
945    ^p0^l0^i18776
945    ^p0^l0^i18777
945    ^p0^l0^i18778
945    ^p0^l0^i18823
945    ^p0^l0^i14042
945    ^p0^l0^i14035
945    ^p0^l0^i14039
945    ^p0^l0^i14040
945    ^p0^l0^i14037
945    ^p0^l0^i14034
945    ^p0^l0^i14041
945    ^p0^l0^i14033
945    ^p0^l0^i14038
945    ^p0^l0^i14036
995    ^aกัณชพร
999 ^a ใช้งานได้ทุกระบบ
รายการนี้ยังไม่มีแท็ก
คุณยังไม่ได้ล็อกอิน คุณสามารถมีกิจกรรมร่วมกับเว็บไซต์ได้ แต่ต้องล็อกอินก่อน ::
  ล็อกอิน

รายการสื่อสารสนเทศ

ลำดับที่ ประเภท เลขเรียก/บาร์โค้ด สถานที่ สถานะ
1. วิทยาศาสตร์การแพทย์ และสุขภาพ
วิทยาศาสตร์การแพทย์ และสุขภาพ
WB310 ภ328ร ฉ.16 
  Barcode: 14042
ห้องสมุดวิทยาเขตสวรรค์ประชารักษ์
►หนังสือทั่วไป
ถูกยืม กำหนดส่งวันที่ 11 พฤษภาคม 2558
  จอง
2. วิทยาศาสตร์การแพทย์ และสุขภาพ
วิทยาศาสตร์การแพทย์ และสุขภาพ
WB310 ภ328ร ฉ.17 
  Barcode: 14035
ห้องสมุดวิทยาเขตสวรรค์ประชารักษ์
►หนังสือทั่วไป
บนชั้น
3. วิทยาศาสตร์การแพทย์ และสุขภาพ
วิทยาศาสตร์การแพทย์ และสุขภาพ
WB310 ภ328ร ฉ.18 
  Barcode: 14039
ห้องสมุดวิทยาเขตสวรรค์ประชารักษ์
►หนังสือทั่วไป
ถูกยืม กำหนดส่งวันที่ 11 พฤษภาคม 2558
  จอง
4. วิทยาศาสตร์การแพทย์ และสุขภาพ
วิทยาศาสตร์การแพทย์ และสุขภาพ
WB310 ภ328ร ฉ.19 
  Barcode: 14040
ห้องสมุดวิทยาเขตสวรรค์ประชารักษ์
►หนังสือทั่วไป
ถูกยืม กำหนดส่งวันที่ 11 พฤษภาคม 2558
  จอง
5. วิทยาศาสตร์การแพทย์ และสุขภาพ
วิทยาศาสตร์การแพทย์ และสุขภาพ
WB310 ภ328ร ฉ.20 
  Barcode: 14037
ห้องสมุดวิทยาเขตสวรรค์ประชารักษ์
►หนังสือทั่วไป
ถูกยืม กำหนดส่งวันที่ 15 พฤษภาคม 2558
  จอง
6. วิทยาศาสตร์การแพทย์ และสุขภาพ
วิทยาศาสตร์การแพทย์ และสุขภาพ
WB310 ภ328ร ฉ.21 
  Barcode: 14034
ห้องสมุดวิทยาเขตสวรรค์ประชารักษ์
►หนังสือทั่วไป
ถูกยืม กำหนดส่งวันที่ 15 พฤษภาคม 2558
  จอง
7. วิทยาศาสตร์การแพทย์ และสุขภาพ
วิทยาศาสตร์การแพทย์ และสุขภาพ
WB310 ภ328ร ฉ.22 
  Barcode: 14041
ห้องสมุดวิทยาเขตสวรรค์ประชารักษ์
►หนังสือทั่วไป
ถูกยืม กำหนดส่งวันที่ 11 พฤษภาคม 2558
  จอง
8. วิทยาศาสตร์การแพทย์ และสุขภาพ
วิทยาศาสตร์การแพทย์ และสุขภาพ
WB310 ภ328ร ฉ.23 
  Barcode: 14033
ห้องสมุดวิทยาเขตสวรรค์ประชารักษ์
►หนังสือทั่วไป
ถูกยืม กำหนดส่งวันที่ 11 พฤษภาคม 2558
  จอง
9. วิทยาศาสตร์การแพทย์ และสุขภาพ
วิทยาศาสตร์การแพทย์ และสุขภาพ
WB310 ภ328ร ฉ.24 
  Barcode: 14038
ห้องสมุดวิทยาเขตสวรรค์ประชารักษ์
►หนังสือทั่วไป
ถูกยืม กำหนดส่งวันที่ 11 พฤษภาคม 2558
  จอง
10. วิทยาศาสตร์การแพทย์ และสุขภาพ
วิทยาศาสตร์การแพทย์ และสุขภาพ
WB310 ภ328ร ฉ.25 
  Barcode: 14036
ห้องสมุดวิทยาเขตสวรรค์ประชารักษ์
►หนังสือทั่วไป
ถูกยืม กำหนดส่งวันที่ 15 พฤษภาคม 2558
  จอง

รายการใกล้เคียง
    หัวเรื่อง [การดูแลสุขภาพด้วยตนเอง]
    หัวเรื่อง [ผู้ป่วยระยะสุดท้าย]

BibComment


ยังไม่เคยถูกคอมเมนท์

คอมเมนท์ทรัพยากรรายการนี้
  คอมเมนท์: รวบรวมองค์ความรู..


 Copyright 2026. Bcnsprnw @Library